Loading...

Solid waste management

Bibliographic Details
Main Author: Sasikumar, k and Sanoop Gopi Krishna
Format: Printed Book
Published: PHI Learning Pvt Ltd., New Delhi 2009
Subjects:
LEADER 00513nam a2200157 4500
082 |a 363.728 SAS-S 
100 |a Sasikumar, k and Sanoop Gopi Krishna 
245 |a Solid waste management  |c Sasikumar, k and Sanoop Gopi Krishna 
250
260 |a PHI Learning Pvt Ltd., New Delhi  |c 2009 
300 |a 294 p 
490
650 |a Solid Waste Management 
942 |c BK 
999 |c 127994  |d 127994 
952 |0 0  |1 0  |4 0  |6 363_728000000000000_SASS  |7 0  |9 141456  |a COM  |b COM  |l 0  |o 363.728 SAS-S  |p COM04887  |r 2019-10-24  |w 2019-10-24  |y BK